Diminished giant or vanguard for liberalization?: the US and the regionalization of trade (Record no. 33437)

000 -LEADER
fixed length control field 00459pab a2200157 454500
008 - FIXED-LENGTH DATA ELEMENTS--GENERAL INFORMATION
fixed length control field 180718b1996 xxu||||| |||| 00| 0 eng d
100 ## - MAIN ENTRY--PERSONAL NAME
Personal name Blanton, Robert G.
245 ## - TITLE STATEMENT
Title Diminished giant or vanguard for liberalization?: the US and the regionalization of trade
260 ## - PUBLICATION, DISTRIBUTION, ETC.
Date of publication, distribution, etc. 1996
300 ## - PHYSICAL DESCRIPTION
Extent p.783-805
362 ## - DATES OF PUBLICATION AND/OR SEQUENTIAL DESIGNATION
Dates of publication and/or sequential designation Dec
650 ## - SUBJECT ADDED ENTRY--TOPICAL TERM
Topical term or geographic name entry element United States - Commerce
650 ## - SUBJECT ADDED ENTRY--TOPICAL TERM
Topical term or geographic name entry element International trade
773 ## - HOST ITEM ENTRY
Main entry heading Political Research Quarterly
909 ## -
-- 33437
Holdings
Withdrawn status Lost status Damaged status Not for loan Permanent Location Current Location Date acquired Serial Enumeration / chronology Barcode Date last seen Price effective from Koha item type
        Indian Institute of Public Administration Indian Institute of Public Administration 2018-07-19 Volume no: 49, Issue no: 4 AR33659 2018-07-19 2018-07-19 Articles

Powered by Koha